000 00476nam a22001937a 4500
003 MPLRDC
005 20220104123728.0
008 210129b ||||| |||| 00| 0 eng d
020 _a957-9486-39-5
082 _a544.3 YHW v.7
100 _a晏涵文主编
245 _a做个刚柔并济的人
_c
250 _a初版五刷
260 _a
_b张老师出版社
_c1992
300 _b
490 _a爱. 性. 婚胭. 7
650 _a婚姻
942 _cBK
_o544.3 YHW v.7
999 _c13735
_d13725